<?xml version="1.0" encoding="UTF-8"?>
<record
    xmlns:xsi="http://www.w3.org/2001/XMLSchema-instance"
    xsi:schemaLocation="http://www.loc.gov/MARC21/slim http://www.loc.gov/standards/marcxml/schema/MARC21slim.xsd"
    xmlns="http://www.loc.gov/MARC21/slim">

  <leader>00258nam a22001097a 4500</leader>
  <datafield tag="082" ind1=" " ind2=" ">
    <subfield code="a">808.22&#x62C; &#x627; &#x648;</subfield>
  </datafield>
  <datafield tag="100" ind1=" " ind2=" ">
    <subfield code="a">&#x633;&#x6CC;&#x62F; &#x62C;&#x627;&#x648;&#x6CC;&#x62F; &#x627;&#x62E;&#x62A;&#x631;</subfield>
  </datafield>
  <datafield tag="245" ind1=" " ind2=" ">
    <subfield code="a">&#x67E;&#x644;&#x679;&#x6CC; &#x6C1;&#x648;&#x621;&#x6CC; &#x622;&#x648;&#x627;&#x632;</subfield>
  </datafield>
  <datafield tag="260" ind1=" " ind2=" ">
    <subfield code="a">&#x628;&#x6C1;&#x627;&#x648;&#x644; &#x67E;&#x648;&#x631;</subfield>
    <subfield code="c">&#x6F1;&#x6F9;&#x6F9;&#x6F1;</subfield>
  </datafield>
  <datafield tag="300" ind1=" " ind2=" ">
    <subfield code="a">&#x6F1;&#x6F8;&#x6F4;</subfield>
  </datafield>
  <datafield tag="942" ind1=" " ind2=" ">
    <subfield code="c">BK</subfield>
  </datafield>
  <datafield tag="999" ind1=" " ind2=" ">
    <subfield code="c">15065</subfield>
    <subfield code="d">15065</subfield>
  </datafield>
  <datafield tag="952" ind1=" " ind2=" ">
    <subfield code="0">0</subfield>
    <subfield code="1">0</subfield>
    <subfield code="4">0</subfield>
    <subfield code="7">0</subfield>
    <subfield code="8">REF</subfield>
    <subfield code="a">REF</subfield>
    <subfield code="b">REF</subfield>
    <subfield code="d">2016-01-05</subfield>
    <subfield code="l">0</subfield>
    <subfield code="o">808.22&#x62C; &#x627; &#x648;  (Shelf - 96C)</subfield>
    <subfield code="p">16873</subfield>
    <subfield code="r">2016-01-05 00:00:00</subfield>
    <subfield code="y">BK</subfield>
  </datafield>
</record>
